000
00311nam a2200109Ia 4500
008
171211s9999 xx 000 0 und d
245
_a
Intimate Violence: Hitchcock, Sex, and Queer Theory
245
_c
David Greven
260
_c
2017
650
_x
cinema
856
_u
http://down.ebook777.com/064/0190214171.pdf
999
_c
348724
_d
348724